[Event "Guernsey Holiday op 42nd"]
[Site "Guernsey"]
[Date "2016.10.21"]
[Round "6"]
[White "Glover, John"]
[Black "Kerr, Matthew"]
[Result "1-0"]
[WhiteElo "1826"]
[BlackElo "1400"]
[PlyCount "83"]
[EventDate "2016.10.16"]
[EventType "swiss"]
[EventRounds "7"]
[EventCountry "GCI"]
[SourceTitle "EXT 2022"]
[Source "ChessBase"]
[SourceDate "2021.10.06"]
[SourceVersion "1"]
[SourceVersionDate "2021.10.06"]
[SourceQuality "1"]

1. Nf3 c5 2. c4 Nc6 3. g3 e5 4. d3 Nf6 5. Bg2 Be7 6. Nc3 Qa5 7. 0-0 d6 8. a3 0-0 9. Bd2 Qd8 10. Ne1 Bd7 11. Nc2 Rb8 12. b4 b6 13. b5 Nd4 14. Ne3 Be6 15. Ncd5 Re8 16. h3 Qd7 17. Kh2 Bd8 18. Nc3 Nh5 19. Ned5 Nf6 20. a4 Nxd5 21. Nxd5 Bxd5 22. Bxd5 Qf5 23. Be4 Qf6 24. h4 Ne6 25. e3 Qh6 26. Qg4 Ng5 27. Bd5 e4 28. Kg2 Nf3 29. Bc3 Bf6 30. Bxf6 Qxf6 31. dxe4 Nd2 32. Rfd1 Re7 33. Ra2 Nxe4 34. Bxe4 h5 35. Qf5 Qxf5 36. Bxf5 g6 37. Bh3 Rd8 38. Rd5 f5 39. Rad2 Red7 40. Kf3 Kg7 41. Kf4 Kf6 42. e4 1-0

[Event "Guernsey Holiday op 42nd"]
[Site "Guernsey"]
[Date "2016.10.18"]
[Round "3"]
[White "Kerr, Matthew"]
[Black "Nielsen, Jorgen Holmstrom"]
[Result "0-1"]
[WhiteElo "1400"]
[BlackElo "1797"]
[PlyCount "68"]
[EventDate "2016.10.16"]
[EventType "swiss"]
[EventRounds "7"]
[EventCountry "GCI"]
[SourceTitle "EXT 2022"]
[Source "ChessBase"]
[SourceDate "2021.10.06"]
[SourceVersion "1"]
[SourceVersionDate "2021.10.06"]
[SourceQuality "1"]

1. e4 Nf6 2. Nc3 d5 3. exd5 Nxd5 4. Be2 g6 5. Nf3 Nf4 6. 0-0 Nxe2+ 7. Qxe2 Bg7 8. d3 0-0 9. h3 Nc6 10. Be3 b6 11. Rfe1 Bb7 12. Rab1 Re8 13. Na4 Nb4 14. a3 Bxf3 15. gxf3 Nd5 16. Bd2 Qd7 17. c4 Qxa4 18. cxd5 Qh4 19. Qe4 Qxh3 20. Qg4 Qxg4+ 21. fxg4 Rad8 22. Bc3 Bxc3 23. bxc3 Rxd5 24. Re3 e6 25. Kg2 Red8 26. Rd1 e5 27. Kg3 f6 28. Kf3 Kf7 29. Ke2 c5 30. Re4 b5 31. d4 exd4 32. cxd4 c4 33. Ke3 R8d6 34. Rc1 a5 0-1